|
|
|
|
| LEADER |
00970cam a2200277 7i4500 |
| 001 |
0000064645 |
| 005 |
20211215090000.0 |
| 020 |
|
|
|a 9780071814843 (electronic book)
|
| 020 |
|
|
|a 9780071814850
|
| 090 |
0 |
0 |
|a RC927
|b .H37 2013
|
| 245 |
0 |
0 |
|a Harrison's rheumatology
|c editor, Anthony S. Fauci, MD associate ditor Carol A. Langford, MD.
|
| 250 |
|
|
|a 3rd edition.
|
| 264 |
|
|
|a New York:
|b McGraw-Hill Medical,
|c 2013.
|
| 300 |
|
|
|a 1 online resource (ix, 358 pages):
|b illustrations (some color), text file, PDF.
|
| 336 |
|
|
|a text
|2 rdacontent
|
| 337 |
|
|
|a computer
|2 rdamedia
|
| 338 |
|
|
|a online resource
|2 rdacarrier
|
| 650 |
0 |
0 |
|a Rheumatology
|
| 650 |
0 |
0 |
|a Rheumatism
|
| 655 |
0 |
0 |
|a Electronic books
|
| 700 |
1 |
|
|a Fauci, Anthony S
|
| 700 |
1 |
|
|a Langford, Carol A
|
| 856 |
4 |
2 |
|u http://library.unisel.edu.my/web/guest/mylibrary
|
| 997 |
|
|
|a Health Sciences, Faculty
|
| 998 |
|
|
|a Biomedical Science, Degree
|
| 999 |
|
|
|a EBO0009249
|b EBOOK
|c EBOOK
|e Electronic resources
|